Lembu yang jujur

Bibliographic Details
Main Author: Sulaiman Shahidan
Format: Book
Published: Petaling Jaya : Penerbit Pan Earth Sdn. Bhd. , 1996
Series:Kisah Dan Teladan
Subjects:

MARC

LEADER 00000cam a2200000 7i4500
001 0000008792
002 000009587
005 20000330.0
020 |a 9837504986 
090 0 0 |a JF   |b SUL 
100 0 |a Sulaiman Shahidan 
245 1 0 |a Lembu yang jujur   |c Sulaiman Shahidan 
260 |a Petaling Jaya :   |b Penerbit Pan Earth Sdn. Bhd. ,   |c 1996 
300 |a 22p. :   |b ill ;   |c 17cm. 
490 0 |a Kisah Dan Teladan 
650 0 0 |a Children's stories 
999 |a 046041   |b BUKU   |c PINJAMAN   |e PERPUSTAKAAN KOMUNITI CAW KOTA DAMANSARA